<?xml version="1.0" encoding="UTF-8"?>
<record
    xmlns:xsi="http://www.w3.org/2001/XMLSchema-instance"
    xsi:schemaLocation="http://www.loc.gov/MARC21/slim http://www.loc.gov/standards/marcxml/schema/MARC21slim.xsd"
    xmlns="http://www.loc.gov/MARC21/slim">

  <leader>01747nam2a22003371  4500</leader>
  <controlfield tag="001">v19\rc\1763549</controlfield>
  <controlfield tag="005">20250619065122.0</controlfield>
  <datafield tag="035" ind1=" " ind2=" ">
    <subfield code="a">(NLR Aleph) 004863209</subfield>
  </datafield>
  <datafield tag="090" ind1=" " ind2=" ">
    <subfield code="a">5030894</subfield>
    <subfield code="c">5030894</subfield>
  </datafield>
  <datafield tag="100" ind1=" " ind2=" ">
    <subfield code="a">20061204e19031903|||y0rusy50      ca</subfield>
  </datafield>
  <datafield tag="101" ind1="0" ind2=" ">
    <subfield code="a">rus</subfield>
  </datafield>
  <datafield tag="102" ind1=" " ind2=" ">
    <subfield code="a">RU</subfield>
  </datafield>
  <datafield tag="105" ind1=" " ind2=" ">
    <subfield code="a">a   z   |||||</subfield>
  </datafield>
  <datafield tag="200" ind1="1" ind2=" ">
    <subfield code="a">&#x41E; &#x441;&#x435;&#x440;&#x43E;&#x432;&#x43E;&#x434;&#x43E;&#x440;&#x43E;&#x434;&#x43D;&#x43E;&#x43C; &#x431;&#x440;&#x43E;&#x436;&#x435;&#x43D;&#x438;&#x438; &#x432; &#x412;&#x435;&#x439;&#x441;&#x43E;&#x432;&#x43E;&#x43C; &#x441;&#x43E;&#x43B;&#x44F;&#x43D;&#x43E;&#x43C; &#x43E;&#x437;&#x435;&#x440;&#x435; &#x438; &#x43E;&#x431; &#x443;&#x447;&#x430;&#x441;&#x442;&#x438;&#x438; &#x43C;&#x438;&#x43A;&#x440;&#x43E;&#x43E;&#x440;&#x433;&#x430;&#x43D;&#x438;&#x437;&#x43C;&#x43E;&#x432; &#x432; &#x43E;&#x431;&#x440;&#x430;&#x437;&#x43E;&#x432;&#x430;&#x43D;&#x438;&#x438; &#x447;&#x435;&#x440;&#x43D;&#x43E;&#x433;&#x43E; &#x438;&#x43B;&#x430; (&#x43B;&#x435;&#x447;&#x435;&#x431;&#x43D;&#x43E;&#x439; &#x433;&#x440;&#x44F;&#x437;&#x438;)</subfield>
  </datafield>
  <datafield tag="210" ind1=" " ind2=" ">
    <subfield code="d">1903</subfield>
    <subfield code="a">&#x411;. &#x43C;.</subfield>
  </datafield>
  <datafield tag="215" ind1=" " ind2=" ">
    <subfield code="a">[2], IV, 98 &#x441;., 16 &#x43B;. &#x438;&#x43B;.</subfield>
  </datafield>
  <datafield tag="311" ind1=" " ind2=" ">
    <subfield code="a">&#x41E;&#x442;&#x442;. &#x438;&#x437; "&#x422;&#x440;. &#x41A;&#x43E;&#x43C;&#x438;&#x441;. &#x43F;&#x43E; &#x438;&#x441;&#x441;&#x43B;&#x435;&#x434;. &#x421;&#x43B;&#x430;&#x432;. &#x43C;&#x438;&#x43D;&#x435;&#x440;&#x430;&#x43B;. &#x43E;&#x437;&#x435;&#x440;"</subfield>
  </datafield>
  <datafield tag="461" ind1=" " ind2="0">
    <subfield code="1">001v19\rc\1763548</subfield>
    <subfield code="1">2001#$a... &#x41C;&#x438;&#x43A;&#x440;&#x43E;&#x43E;&#x440;&#x433;&#x430;&#x43D;&#x438;&#x437;&#x43C;&#x44B;, &#x43A;&#x430;&#x43A; &#x433;&#x435;&#x43E;&#x43B;&#x43E;&#x433;&#x438;&#x447;&#x435;&#x441;&#x43A;&#x438;&#x435; &#x434;&#x435;&#x44F;&#x442;&#x435;&#x43B;&#x438;$eI-$f&#x413;.&#x410;. &#x41D;&#x430;&#x434;&#x441;&#x43E;&#x43D;$vI</subfield>
    <subfield code="1">700#1$a&#x41D;&#x430;&#x434;&#x441;&#x43E;&#x43D;$b&#x413;.&#x410;.$f1867-1940$g&#x413;&#x435;&#x43E;&#x440;&#x433;&#x438;&#x439; &#x410;&#x434;&#x430;&#x43C;&#x43E;&#x432;&#x438;&#x447;</subfield>
    <subfield code="9">5030886</subfield>
    <subfield code="a">&#x41D;&#x430;&#x434;&#x441;&#x43E;&#x43D;, &#x413;.&#x410;. (1867-1940)</subfield>
    <subfield code="c">&#x421;&#x430;&#x43D;&#x43A;&#x442;-&#x41F;&#x435;&#x442;&#x435;&#x440;&#x431;&#x443;&#x440;&#x433;</subfield>
    <subfield code="d">1903</subfield>
    <subfield code="f">&#x413;.&#x410;. &#x41D;&#x430;&#x434;&#x441;&#x43E;&#x43D;</subfield>
    <subfield code="n">&#x442;&#x438;&#x43F;. &#x41F;.&#x41F;. &#x421;&#x43E;&#x439;&#x43A;&#x438;&#x43D;&#x430;</subfield>
    <subfield code="o">I-</subfield>
    <subfield code="t">&#x41C;&#x438;&#x43A;&#x440;&#x43E;&#x43E;&#x440;&#x433;&#x430;&#x43D;&#x438;&#x437;&#x43C;&#x44B;, &#x43A;&#x430;&#x43A; &#x433;&#x435;&#x43E;&#x43B;&#x43E;&#x433;&#x438;&#x447;&#x435;&#x441;&#x43A;&#x438;&#x435; &#x434;&#x435;&#x44F;&#x442;&#x435;&#x43B;&#x438;</subfield>
    <subfield code="v">I</subfield>
  </datafield>
  <datafield tag="488" ind1=" " ind2="0">
    <subfield code="1">2001#$a&#x422;&#x440;&#x443;&#x434;&#x44B; &#x41A;&#x43E;&#x43C;&#x438;&#x441;&#x441;&#x438;&#x438; &#x43F;&#x43E; &#x438;&#x441;&#x441;&#x43B;&#x435;&#x434;&#x43E;&#x432;&#x430;&#x43D;&#x438;&#x44E; &#x421;&#x43B;&#x430;&#x432;&#x44F;&#x43D;&#x441;&#x43A;&#x438;&#x445; &#x43C;&#x438;&#x43D;&#x435;&#x440;&#x430;&#x43B;&#x44C;&#x43D;&#x44B;&#x445; &#x43E;&#x437;&#x435;&#x440;</subfield>
    <subfield code="t">&#x422;&#x440;&#x443;&#x434;&#x44B; &#x41A;&#x43E;&#x43C;&#x438;&#x441;&#x441;&#x438;&#x438; &#x43F;&#x43E; &#x438;&#x441;&#x441;&#x43B;&#x435;&#x434;&#x43E;&#x432;&#x430;&#x43D;&#x438;&#x44E; &#x421;&#x43B;&#x430;&#x432;&#x44F;&#x43D;&#x441;&#x43A;&#x438;&#x445; &#x43C;&#x438;&#x43D;&#x435;&#x440;&#x430;&#x43B;&#x44C;&#x43D;&#x44B;&#x445; &#x43E;&#x437;&#x435;&#x440;</subfield>
  </datafield>
  <datafield tag="801" ind1=" " ind2="0">
    <subfield code="a">RU</subfield>
    <subfield code="b">NLR</subfield>
    <subfield code="g">psbo</subfield>
  </datafield>
  <datafield tag="801" ind1=" " ind2="0">
    <subfield code="a">RU</subfield>
    <subfield code="b">RuMoRGB</subfield>
    <subfield code="2">psbo</subfield>
  </datafield>
  <datafield tag="801" ind1=" " ind2="1">
    <subfield code="a">RU</subfield>
    <subfield code="b">ProSoft-M</subfield>
    <subfield code="2">rusmarc</subfield>
  </datafield>
  <datafield tag="852" ind1=" " ind2=" ">
    <subfield code="a">NLR</subfield>
    <subfield code="j">38.35.2.4</subfield>
  </datafield>
  <datafield tag="852" ind1=" " ind2=" ">
    <subfield code="a">NLR</subfield>
    <subfield code="j">127/2020</subfield>
  </datafield>
  <datafield tag="899" ind1=" " ind2=" ">
    <subfield code="a">RuMoRGB</subfield>
    <subfield code="j">A 204/172</subfield>
  </datafield>
  <datafield tag="899" ind1=" " ind2=" ">
    <subfield code="a">RuMoRGB</subfield>
    <subfield code="j">A 225/64</subfield>
  </datafield>
  <datafield tag="899" ind1=" " ind2=" ">
    <subfield code="a">&#x411;&#x410;&#x41D;</subfield>
  </datafield>
  <datafield tag="899" ind1=" " ind2=" ">
    <subfield code="a">&#x41D;&#x411; &#x421;&#x41F;&#x431;&#x413;&#x423;</subfield>
  </datafield>
  <datafield tag="899" ind1=" " ind2=" ">
    <subfield code="a">&#x41D;&#x411; &#x41C;&#x413;&#x423;</subfield>
  </datafield>
  <datafield tag="942" ind1=" " ind2=" ">
    <subfield code="c">BOOK</subfield>
  </datafield>
  <datafield tag="980" ind1=" " ind2=" ">
    <subfield code="a">NB</subfield>
  </datafield>
  <datafield tag="995" ind1=" " ind2=" ">
    <subfield code="5">2013-10-26</subfield>
    <subfield code="b">NLR02</subfield>
    <subfield code="c">NLR02</subfield>
    <subfield code="e">RFS</subfield>
    <subfield code="f">4863209-10</subfield>
    <subfield code="k">38.35.2.4</subfield>
    <subfield code="o">0</subfield>
    <subfield code="r">BOOK</subfield>
    <subfield code="s">383524_</subfield>
  </datafield>
  <datafield tag="995" ind1=" " ind2=" ">
    <subfield code="5">2013-10-26</subfield>
    <subfield code="b">NLR02</subfield>
    <subfield code="c">NLR02</subfield>
    <subfield code="e">RFS</subfield>
    <subfield code="f">4863209-20</subfield>
    <subfield code="k">127/2020</subfield>
    <subfield code="o">0</subfield>
    <subfield code="r">BOOK</subfield>
    <subfield code="s">1272020_</subfield>
  </datafield>
  <datafield tag="995" ind1=" " ind2=" ">
    <subfield code="5">2013-10-26</subfield>
    <subfield code="b">NLR01</subfield>
    <subfield code="c">NLR01</subfield>
    <subfield code="e">TEMP</subfield>
    <subfield code="f">4863209-50</subfield>
    <subfield code="o">0</subfield>
    <subfield code="r">BOOK</subfield>
  </datafield>
  <datafield tag="995" ind1=" " ind2=" ">
    <subfield code="5">2013-10-26</subfield>
    <subfield code="b">NLR01</subfield>
    <subfield code="c">NLR01</subfield>
    <subfield code="e">TEMP</subfield>
    <subfield code="f">4863209-60</subfield>
    <subfield code="o">0</subfield>
    <subfield code="r">BOOK</subfield>
  </datafield>
  <datafield tag="995" ind1=" " ind2=" ">
    <subfield code="5">2013-10-26</subfield>
    <subfield code="b">NLR01</subfield>
    <subfield code="c">NLR01</subfield>
    <subfield code="e">TEMP</subfield>
    <subfield code="f">4863209-70</subfield>
    <subfield code="o">0</subfield>
    <subfield code="r">BOOK</subfield>
  </datafield>
</record>
